Biostatistics (Record no. 312919)

MARC details
000 -LEADER
fixed length control field 00597 a2200229 4500
005 - DATE & TIME
control field 20240723140420.0
008 - FIXED-LENGTH DATA ELEMENTS--GENERAL INFORMATION
fixed length control field 240723b |||||||| |||| 00| 0 eng d
020 ## - ISBN
International Standard Book Number 9789384007591
Price Rs. 895.00
040 ## - CATALOGING SOURCE
Original cataloging agency VIVEKANANDA LIBRARY
082 ## - DDC NUMBER
Classification number 570.15195
Book Number R786B(3)
100 ## - MAIN ENTRY--PERSONAL NAME
Personal name Rastogi, Veer Bala
245 ## - TITLE STATEMENT
Title Biostatistics
250 ## - EDITION STATEMENT
Edition statement 3rd
260 ## - PUBLICATION, DISTRIBUTION, ETC. (IMPRINT)
Name of publisher, distributor, etc Medtech Science Press
Date of publication, distribution, etc 2024
Place of publication, distribution, etc New Delhi
300 ## - PHYSICAL DESCRIPTION
Pages xv, 471
650 ## - Subject
Subject Statical Data
650 ## - Subject
Subject Probablity
650 ## - Subject
Subject Methodology of Experiment
650 ## - Subject
Subject Measures of Population
650 ## - Subject
Subject Measures of Location
942 ## - ADDED ENTRY ELEMENTS (KOHA)
Koha item type Books
Holdings
Withdrawn status Lost status Source of classification or shelving scheme Damaged status Not for loan Location (home branch) Sublocation or collection (holding branch) Shelving location Date acquired Koha issues (times borrowed) Koha full call number Accession No. Koha date last seen Koha item type
    Dewey Decimal Classification     VIVEKANANDA LIBRARY VIVEKANANDA LIBRARY Vivekananda Library 13/03/2024 1 570.15195 R786B(3) 435991 24/09/2024 Books
© Designed and Maintained by Vivekananda Library, MDU Rohtak